[Event "FINAL MISTRZOSTW POLSKI JUNIOROW 2018 - GRUPA  D16"]
[Site "Jastrzebia Gora"]
[Date "1899-12-30"]
[Round "9.9"]
[White "Koruch, Maria"]
[Black "Pyzio, Amelia"]
[Result "1-0"]
[WhiteTitle "I"]
[BlackTitle "I++"]
[WhiteElo "1627"]
[BlackElo "1780"]

1. e4 e5 2. Nf3 Nc6 3. Bb5 a6 4. Ba4 Nf6 5. O-O Be7 6. Re1 d6 7. c3 O-O 8. Bxc6
bxc6 9. d4 exd4 10. cxd4 Re8 11. h3 Rb8 12. Nc3 Bf8 13. Qc2 h6 14. Bf4 Bd7 15.
e5 Nd5 16. Nxd5 cxd5 17. Rac1 Be6 18. b3 Rc8 19. Qc6 a5 20. Bd2 dxe5 21. dxe5
Bb4 22. Bxb4 axb4 23. Nd4 Qg5 24. Re3 Rcd8 25. Rf1 Qf4 26. Nxe6 Rxe6 27. Qxc7
Rde8 28. Rf3 Qxe5 29. Qxf7+ Kh8 30. Re3 Qd6 31. Rfe1 Rxe3 32. Rxe3 Rf8 33. Re6
Qc5 34. Rc6 Qxc6 35. Qxf8+ Kh7 36. Qxb4 Qc1+ 37. Kh2 Qb2 38. Kg3 Qxa2 39. Kf3
Qc2 40. Ke3 Qb2 41. Qd4 Qxb3+ 42. Qd3+ Qxd3+ 43. Kxd3 Kg6 44. Kd4 Kf5 45. Kxd5
h5 46. g3 g5 47. Kd4 g4 48. hxg4+ Kxg4 49. Ke4 Kh3 50. Kf3 Kh2 51. g4 h4 52. g5
h3 53. g6 Kh1 54. g7 h2 55. Ke4 1-0

[Event "FINAL MISTRZOSTW POLSKI JUNIOROW 2018 - GRUPA  D16"]
[Site "Jastrzebia Gora"]
[Date "1899-12-30"]
[Round "9.10"]
[White "Tarka, Aleksandra"]
[Black "Lascar, Maria Elena"]
[Result "1-0"]
[WhiteTitle "I++"]
[BlackTitle "I+"]
[WhiteElo "1761"]
[BlackElo "1540"]

1. e4 c5 2. Nf3 e6 3. d4 cxd4 4. Nxd4 Bc5 5. Nb3 Bb6 6. Nc3 Ne7 7. Bf4 d5 8. exd5
exd5 9. Qh5 O-O 10. Bd3 f5 11. O-O Nbc6 12. Rad1 Qe8 13. Qxe8 Rxe8 14. Nxd5 Nxd5
15. Bc4 Be6 16. Bxd5 Bxd5 17. Rxd5 g6 18. c3 Re2 19. Rd2 Rae8 20. Rxe2 Rxe2 21.
Nd2 Kf7 22. Nc4 Bd8 23. Rd1 g5 24. Bd2 Re6 25. g3 b5 26. Ne3 Kf6 27. Kg2 a6 28.
Nd5+ Kf7 29. Be3 Ne5 30. Nb4 Be7 31. b3 a5 32. Nd3 Ng4 33. Re1 Bf6 34. Bd4 Bxd4
35. cxd4 Rxe1 36. Nxe1 Ke6 37. h3 Nf6 38. f3 Kd5 39. Nc2 Ne8 40. Kf2 f4 41. h4
gxh4 42. gxf4 Ng7 43. Kg2 Nf5 44. Kh3 h5 45. Kg2 Nxd4 46. Nxd4 Kxd4 47. Kh3 Kd5
48. Kxh4 Ke6 49. Kg5 h4 50. f5+ Ke5 51. f4+ Ke4 52. f6 h3 53. f7 h2 54. f8=Q Kd5
1-0

[Event "FINAL MISTRZOSTW POLSKI JUNIOROW 2018 - GRUPA  D16"]
[Site "Jastrzebia Gora"]
[Date "1899-12-30"]
[Round "9.11"]
[White "Choinska, Debora"]
[Black "Budkiewicz, Magdalena"]
[Result "0-1"]
[WhiteTitle "I"]
[BlackTitle "I++"]
[WhiteElo "1503"]
[BlackElo "1739"]

1. e4 c5 2. Nf3 e6 3. d4 cxd4 4. Nxd4 a6 5. Bd3 Bc5 6. Nb3 Be7 7. Qg4 Bf6 8. Na3
d5 9. O-O Ne7 10. Qe2 Nbc6 11. Kh1 O-O 12. f4 dxe4 13. Bxe4 Qc7 14. c3 b5 15.
Be3 Rb8 16. Rad1 Na5 17. Nxa5 Qxa5 18. Ba7 Bb7 19. Bxb8 Rxb8 20. Bxb7 Rxb7 21.
Nc2 g6 22. Qe4 Rb8 23. Nb4 Qb6 24. a3 a5 25. Nc2 Nf5 26. Qf3 Rc8 27. Qf2 Qb7 28.
Rd3 h5 29. Rfd1 h4 30. Qf3 Qb6 31. Rd7 Rf8 32. Rb7 Qc5 33. Rbd7 Kg7 34. Qe2 Rh8
35. R7d3 Ng3+ 36. Rxg3 hxg3 37. h3 Qc6 38. Qg4 Qe4 39. Ne1 Rd8 40. Kg1 Qe3+ 41.
Kh1 Qf2 42. Nd3 Rxd3 43. Rg1 Rd2 44. Qf3 Qxf3 45. gxf3 Rh2# 0-1

[Event "FINAL MISTRZOSTW POLSKI JUNIOROW 2018 - GRUPA  D16"]
[Site "Jastrzebia Gora"]
[Date "1899-12-30"]
[Round "9.12"]
[White "Michalska, Aleksandra"]
[Black "Filipska, Maja"]
[Result "1-0"]
[WhiteTitle "I"]
[BlackTitle "I++"]
[WhiteElo "1661"]
[BlackElo "1708"]

1. e4 g6 2. d4 Bg7 3. Nf3 c6 4. Be2 b5 5. O-O d6 6. c3 Nd7 7. Be3 Bb7 8. Qb3 Ngf6
9. Nbd2 e5 10. a4 a6 11. c4 O-O 12. axb5 exd4 13. Bxd4 c5 14. bxa6 Bxe4 15. Nxe4
Nxe4 16. Bxg7 Kxg7 17. Qb7 Re8 18. Bd3 Ndf6 19. Bxe4 Nxe4 20. Rfd1 Qf6 21. a7
g5 22. Re1 Qf4 23. Re2 g4 24. Ng5 Nxg5 25. Rxe8 Rxe8 26. a8=Q Rxa8 27. Qxa8 Nf3+
28. gxf3 gxf3 29. Kh1 1-0

[Event "FINAL MISTRZOSTW POLSKI JUNIOROW 2018 - GRUPA  D16"]
[Site "Jastrzebia Gora"]
[Date "1899-12-30"]
[Round "9.13"]
[White "Hryn, Aleksandra"]
[Black "Roszkiewicz, Anna"]
[Result "1-0"]
[WhiteTitle "I"]
[BlackTitle "I+"]
[WhiteElo "1558"]
[BlackElo "1693"]

1. e4 c5 2. b3 Nc6 3. Bb2 e5 4. Bc4 Nf6 5. Nc3 a6 6. a4 d6 7. d3 Be7 8. Nge2 O-O
9. O-O Bd7 10. f4 Ng4 11. Qd2 exf4 12. Nxf4 Nd4 13. h3 Ne5 14. Bd5 Rb8 15. Nce2
Nxe2+ 16. Qxe2 Bf6 17. Rab1 Qb6 18. Kh1 Qc7 19. Qf2 Bc6 20. Qg3 Kh8 21. Nh5 Bxd5
22. exd5 Rg8 23. Nxf6 gxf6 24. Qh4 Rg6 25. Rxf6 Qe7 26. Rbf1 Rbg8 27. R1f2 b5
28. axb5 axb5 29. Qf4 Rxf6 30. Qxf6+ Qxf6 31. Rxf6 Rd8 32. Rxd6 1-0

[Event "FINAL MISTRZOSTW POLSKI JUNIOROW 2018 - GRUPA  D16"]
[Site "Jastrzebia Gora"]
[Date "1899-12-30"]
[Round "9.14"]
[White "Wolagiewicz, Kinga"]
[Black "Orlik, Sandra"]
[Result "1/2-1/2"]
[WhiteTitle "I"]
[BlackTitle "I++"]
[WhiteElo "1689"]
[BlackElo "1699"]

1. e4 c5 2. Nf3 e6 3. d4 cxd4 4. Nxd4 a6 5. Bd3 Bc5 6. Nb3 Be7 7. Qg4 Bf6 8. Qg3
Nc6 9. Nc3 d6 10. Bf4 e5 11. Be3 Nge7 12. O-O Be6 13. Rad1 h5 14. f4 exf4 15.
Bxf4 Ne5 16. Kh1 N7g6 17. Nd5 Bh4 18. Qe3 Nxf4 19. Nxf4 Bg4 20. Be2 O-O 21. Nxh5
Bg5 22. Nf4 Bxe2 23. Qxe2 Rc8 24. Nd5 b5 25. Nd4 Rc4 26. c3 Re8 27. Ne3 Bxe3 28.
Qxe3 Ng6 29. Qf3 Ne5 30. Qg3 g6 31. Qf4 Kg7 32. Qg3 Kg8 33. Nf5 Re6 34. Nd4 Re8
35. Rd2 Rc5 36. Rdf2 Rc7 37. Rf4 Kg7 38. Rh4 Rh8 39. Rxh8 Kxh8 40. Rf4 Kg8 41.
Qh3 Qg5 42. Ne2 Kg7 43. Qh4 Qxh4 44. Rxh4 g5 45. Rh3 Nc4 46. b3 Ne5 47. Nd4 Kf6
48. Kg1 g4 49. Re3 Kg5 50. Kf2 Rc8 51. h4+ Kxh4 52. Nf5+ Kg5 53. Nxd6 Rd8 54.
Nb7 Rd2+ 55. Re2 Rd3 56. Re3 Rd2+ 57. Re2 Rd3 58. Rc2 Kf4 59. Nc5 g3+ 60. Ke2
Rd6 61. Rd2 Rh6 62. Nd3+ Kxe4 63. Nxe5 Kxe5 64. Kf3 Rc6 65. Rd3 Rg6 66. Rd4 f5
67. a4 Rc6 68. Rd3 bxa4 69. bxa4 f4 70. Kg4 Rg6+ 71. Kf3 Rc6 72. Ke4+ 1/2-1/2

[Event "FINAL MISTRZOSTW POLSKI JUNIOROW 2018 - GRUPA  D16"]
[Site "Jastrzebia Gora"]
[Date "1899-12-30"]
[Round "9.15"]
[White "Sawa, Daria"]
[Black "Chomicka, Kinga"]
[Result "0-1"]
[WhiteTitle "I"]
[BlackTitle "I"]
[WhiteElo "1432"]
[BlackElo "1398"]

1. e4 e5 2. Nf3 Nc6 3. Bc4 Bc5 4. c3 Nf6 5. d4 exd4 6. cxd4 Bb4+ 7. Bd2 Bxd2+ 8.
Nbxd2 d5 9. exd5 Nxd5 10. O-O O-O 11. Ne5 Nxe5 12. dxe5 Nf4 13. Ne4 Bf5 14. Ng3
Be6 15. Bxe6 Nxe6 16. Qc2 Qg5 17. Qe4 c6 18. f4 Qd8 19. Nf5 Qb6+ 20. Rf2 Rad8
21. Nd6 Nc7 22. Raf1 Nb5 23. Nxb5 Qxb5 24. Kh1 Qd5 25. Qb1 f6 26. exf6 Rxf6 27.
a3 Rfd6 28. h3 Rh6 29. Kh2 Qd3 30. Qe1 Qd6 31. Qc3 b6 32. Re1 Kf7 33. Qe3 Re6
34. Qxe6+ Qxe6 35. Rxe6 Kxe6 36. Re2+ Kf6 37. Re3 Rd2 38. b4 Rd6 39. Re8 Rd3 40.
Rc8 Rxa3 41. Rxc6+ Kf5 42. Rc7 Kf6 43. b5 h6 44. h4 g6 45. Rc6+ Kf5 46. Rd6 Rb3
47. Rd7 Rxb5 48. Rxa7 Kxf4 49. g3+ Kf5 50. Rf7+ Ke6 51. Rf4 Rf5 52. Rb4 b5 53.
Kg2 Kd6 54. g4 Re5 55. Rf4 h5 56. Kf3 Kd5 57. Rf6 Re6 58. Rf4 Re1 59. Rb4 Kc5
60. Rb2 hxg4+ 61. Kxg4 Rg1+ 62. Kf4 Kc4 63. Re2 b4 64. Ke3 Rh1 65. Rg2 Rxh4 66.
Rxg6 Kc3 67. Rc6+ Rc4 68. Rb6 b3 69. Ke2 Kc2 70. Rd6 b2 71. Rd2+ Kb3 72. Rd3+
Ka2 73. Rd2 Ka1 74. Kd3 Rc1 75. Kd4 0-1

[Event "FINAL MISTRZOSTW POLSKI JUNIOROW 2018 - GRUPA  D16"]
[Site "Jastrzebia Gora"]
[Date "1899-12-30"]
[Round "9.16"]
[White "Nowicka, Julia"]
[Black "Bilczewska, Olga"]
[Result "0-1"]
[WhiteTitle "I"]
[BlackTitle "I+"]
[WhiteElo "1283"]
[BlackElo "1609"]

1. e4 c5 2. Nf3 Nc6 3. d4 cxd4 4. Nxd4 Nf6 5. Nc3 e6 6. Nxc6 bxc6 7. e5 Nd5 8.
Ne4 Qc7 9. f4 Qb6 10. c4 Bb4+ 11. Ke2 f5 12. Ng5 Ba6 13. Kf3 Nc7 14. Kg3 g6 15.
Bd2 Be7 16. Bc3 h6 17. Nf3 g5 18. fxg5 hxg5 19. Bd4 c5 20. Bc3 O-O-O 21. Kf2 g4
22. Nd2 Rdg8 23. Ke1 Qc6 24. Qc2 Rh7 25. Rb1 Rgh8 26. b4 cxb4 27. Bxb4 Bxb4 28.
Rxb4 Bb7 29. c5 Nd5 30. Qb3 Nxb4 31. Qxb4 Rxh2 32. Rxh2 Rxh2 33. Nc4 Qe4+ 34.
Kd2 Qf4+ 35. Ke1 Qe4+ 36. Kd2 Kb8 37. c6 Qxc6 38. Qf8+ Kc7 39. Qa3 Qd5+ 40. Kc1
Rh1 41. Ne3 Qxe5 42. Kc2 Qe4+ 43. Kb2 Qd4+ 44. Kc1 Qb6 45. Kd2 Qd6+ 46. Qxd6+
Kxd6 47. Bc4 Rh2 48. Bf1 g3 49. Ke2 Rh8 50. Kd2 f4 51. Ng4 Rh1 0-1

[Event "FINAL MISTRZOSTW POLSKI JUNIOROW 2018 - GRUPA  D16"]
[Site "Jastrzebia Gora"]
[Date "1899-12-30"]
[Round "9.17"]
[White "Komorowska, Marcelina"]
[Black "Sivickis, Wiktoria"]
[Result "0-1"]
[WhiteTitle "II+"]
[BlackTitle "I"]
[WhiteElo "1209"]
[BlackElo "1627"]

1. e4 d5 2. exd5 Qxd5 3. Nc3 Qa5 4. d4 Nf6 5. Nf3 Bg4 6. Bc4 e6 7. O-O Be7 8. Re1
c6 9. Be3 O-O 10. h3 Bh5 11. Be2 Nbd7 12. Nd2 Bg6 13. Nc4 Qc7 14. f4 Bb4 15. Bd2
Rad8 16. a3 Bxc3 17. bxc3 c5 18. Qc1 Ne4 19. Bd3 Nxd2 20. Qxd2 cxd4 21. cxd4 Bxd3
22. cxd3 Nb6 23. Qe3 Nxc4 24. dxc4 Qxc4 25. Rab1 Qd5 26. Rec1 Rc8 27. Rc5 Rxc5
28. dxc5 Rc8 29. Rc1 a6 30. Kf2 f6 31. Rc3 Kf7 32. Rc1 Rc6 33. Rc3 e5 34. fxe5
fxe5 35. Kg1 Ke6 36. Kh2 Qd4 37. Qf3 Qf4+ 38. Qxf4 exf4 39. h4 b6 40. Rb3 bxc5
41. Kh3 c4 42. Rc3 Kd5 43. Kg4 Kd4 44. Rc1 c3 45. Kf3 c2 46. Ke2 Kc3 47. Rf1 Kb2
48. Kd2 c1=Q+ 0-1